[Event "NOR-chT 1718"]
[Site "Norway"]
[Date "2018.03.04"]
[Round "9.3"]
[White "Gabrielsen, Trond"]
[Black "Stanford, Sheila Barth"]
[Result "1-0"]
[WhiteElo "2280"]
[BlackElo "2180"]
[PlyCount "107"]
[EventDate "2017.11.03"]
[EventType "team-tourn"]
[EventRounds "9"]
[EventCountry "NOR"]
[SourceTitle "EXT 2019"]
[Source "ChessBase"]
[SourceDate "2018.10.10"]
[SourceVersion "1"]
[SourceVersionDate "2018.10.10"]
[SourceQuality "1"]
[WhiteTeam "Bergens"]
[BlackTeam "Black Knights"]
[WhiteTeamCountry "NOR"]
[BlackTeamCountry "NOR"]

1. e4 c5 2. Nf3 g6 3. c3 Bg7 4. d4 cxd4 5. cxd4 d5 6. exd5 Nf6 7. Nc3 0-0 8. Bc4 Nbd7 9. d6 exd6 10. 0-0 Nb6 11. Bb3 Re8 12. h3 Be6 13. d5 Bf5 14. Nd4 Bd7 15. Qd3 a6 16. Bf4 Nc8 17. Rfe1 b5 18. Ne6 Qe7 19. Nxg7 Qxe1+ 20. Rxe1 Rxe1+ 21. Kh2 Kxg7 22. Qd2 Re5 23. Bxe5 dxe5 24. Qe3 Ne7 25. Qxe5 Re8 26. Qd4 a5 27. a3 a4 28. Bc2 Rc8 29. Bd3 h6 30. f4 Nf5 31. Qb6 Re8 32. Bxb5 Bxb5 33. Qxb5 Re1 34. g4 Ne3 35. d6 Nd1 36. g5 Nh5 37. Nxd1 Rxd1 38. Qe5+ Kh7 39. Kg2 hxg5 40. fxg5 Ng7 41. Qe7 Rd2+ 42. Kf1 Kg8 43. Ke1 Rd5 44. Qd8+ Kh7 45. Qf8 Re5+ 46. Kd2 Rf5 47. Kc2 Ne6 48. Qe8 Kg7 49. Qxa4 Rc5+ 50. Kb1 Rxg5 51. Qe4 Rh5 52. d7 Rh8 53. Qe5+ Kh7 54. Qf6 1-0

[Event "NOR-chT 1718"]
[Site "Norway"]
[Date "2018.03.02"]
[Round "7.2"]
[White "Gabrielsen, Trond"]
[Black "Nielsen, Andre"]
[Result "1-0"]
[WhiteElo "2280"]
[BlackElo "2108"]
[PlyCount "113"]
[EventDate "2017.11.03"]
[EventType "team-tourn"]
[EventRounds "9"]
[EventCountry "NOR"]
[SourceTitle "EXT 2019"]
[Source "ChessBase"]
[SourceDate "2018.10.10"]
[SourceVersion "1"]
[SourceVersionDate "2018.10.10"]
[SourceQuality "1"]
[WhiteTeam "Bergens"]
[BlackTeam "Alta"]
[WhiteTeamCountry "NOR"]
[BlackTeamCountry "NOR"]

1. Nf3 d5 2. d4 Nf6 3. Bg5 e6 4. e3 Be7 5. Nbd2 0-0 6. Bd3 c5 7. c3 Nc6 8. 0-0 c4 9. Bc2 b5 10. Qe2 Bb7 11. e4 dxe4 12. Nxe4 Nxe4 13. Qxe4 g6 14. Qh4 f6 15. Bh6 Re8 16. Rfe1 Qd7 17. Qg4 Bf8 18. Bxf8 Kxf8 19. Rad1 Nd8 20. d5 Bxd5 21. Rxd5 Qxd5 22. Be4 f5 23. Qf4 Qd7 24. Bxa8 Nf7 25. Ne5 Qd6 26. Bf3 Rd8 27. h4 Qd2 28. Qxd2 Rxd2 29. Nxf7 Kxf7 30. Re2 Rd1+ 31. Kh2 Rd3 32. Bb7 Kf6 33. f4 Rd6 34. Kg3 a5 35. a3 Rb6 36. Bf3 h6 37. Kf2 g5 38. hxg5+ hxg5 39. g3 g4 40. Bg2 b4 41. axb4 axb4 42. Ke3 bxc3 43. bxc3 e5 44. Bd5 Rb3 45. Rc2 Rb1 46. Bxc4 exf4+ 47. gxf4 Rh1 48. Bd5 Rd1 49. c4 Ke7 50. Rd2 Rc1 51. Kd4 Kd6 52. Rh2 Rd1+ 53. Ke3 Re1+ 54. Kf2 Rb1 55. Rh5 Rb2+ 56. Ke3 g3 57. Rg5 1-0

[Event "NOR-chT 1718"]
[Site "Norway"]
[Date "2018.01.13"]
[Round "5.2"]
[White "Gabrielsen, Trond"]
[Black "Holm, Kristian Stuvik"]
[Result "0-1"]
[WhiteElo "2280"]
[BlackElo "2429"]
[PlyCount "102"]
[EventDate "2017.11.03"]
[EventType "team-tourn"]
[EventRounds "9"]
[EventCountry "NOR"]
[SourceTitle "EXT 2019"]
[Source "ChessBase"]
[SourceDate "2018.10.10"]
[SourceVersion "1"]
[SourceVersionDate "2018.10.10"]
[SourceQuality "1"]
[WhiteTeam "Bergens"]
[BlackTeam "Valerenga"]
[WhiteTeamCountry "NOR"]
[BlackTeamCountry "NOR"]

1. e4 c5 2. Nf3 g6 3. c3 d5 4. exd5 Qxd5 5. Na3 Bg7 6. d4 cxd4 7. Bc4 Qe4+ 8. Be3 Nh6 9. cxd4 0-0 10. Qb3 Nc6 11. Bd3 Qg4 12. 0-0 Qh5 13. Be4 Ng4 14. Rad1 Nf6 15. Bxc6 bxc6 16. Ne5 Ng4 17. Nxg4 Bxg4 18. Rc1 Be6 19. Qd1 Qa5 20. Rxc6 Bxa2 21. Rc5 Qb4 22. Rb5 Qd6 23. Qa4 Bd5 24. Rc5 Qe6 25. Qc2 Rfc8 26. Qd2 Rxc5 27. dxc5 Bxb2 28. Nb5 Be5 29. f4 Bc4 30. Rb1 Bxb5 31. Rxb5 Bc7 32. Rb1 a5 33. Bd4 Rd8 34. Qe3 Qd5 35. Ba1 Qa2 36. Re1 Rd2 37. Qe4 f6 38. Bxf6 exf6 39. Qe8+ Kg7 40. Re7+ Kh6 41. Qf8+ Kh5 42. Rxh7+ Kg4 43. Rh4+ Kf5 44. Qc8+ Ke4 45. Qe8+ Kd3 46. Qxg6+ Ke2 47. Qe4+ Kd1 48. Rh3 Qc2 49. Qf3+ Kc1 50. Qa3+ Qb2 51. Rc3+ Kb1 0-1

[Event "NOR-chT 1718"]
[Site "Norway"]
[Date "2018.01.12"]
[Round "4.5"]
[White "Gabrielsen, Trond"]
[Black "Galinsky, Timofey"]
[Result "1/2-1/2"]
[WhiteElo "2280"]
[BlackElo "2376"]
[PlyCount "124"]
[EventDate "2017.11.03"]
[EventType "team-tourn"]
[EventRounds "9"]
[EventCountry "NOR"]
[SourceTitle "EXT 2019"]
[Source "ChessBase"]
[SourceDate "2018.10.10"]
[SourceVersion "1"]
[SourceVersionDate "2018.10.10"]
[SourceQuality "1"]
[WhiteTeam "Bergens"]
[BlackTeam "OSS"]
[WhiteTeamCountry "NOR"]
[BlackTeamCountry "NOR"]

1. e4 e6 2. d4 d5 3. exd5 exd5 4. Nf3 Nf6 5. Bd3 Be7 6. 0-0 Bg4 7. h3 Bh5 8. Bf4 0-0 9. c3 Nbd7 10. Nbd2 c6 11. Qc2 Bg6 12. Bxg6 hxg6 13. Rfe1 Re8 14. Re2 Bf8 15. Ne5 Nxe5 16. Bxe5 Bd6 17. Rae1 Nh7 18. Nf3 Bxe5 19. Nxe5 Nf8 20. Qd3 Re6 21. Qf3 Qf6 22. Qxf6 gxf6 23. Nd3 Rae8 24. Kf1 Nd7 25. Nf4 Re4 26. f3 Rxe2 27. Rxe2 Rxe2 28. Kxe2 Kg7 29. Ke3 g5 30. Nd3 f5 31. f4 f6 32. b3 Kg6 33. g3 Nf8 34. Nc5 gxf4+ 35. Kxf4 b6 36. Nd3 Ne6+ 37. Ke3 Ng5 38. Nf4+ Kf7 39. c4 dxc4 40. bxc4 Ne4 41. Ne2 Nd6 42. c5 Nb7 43. Kf4 bxc5 44. dxc5 Nxc5 45. Kxf5 Ne6 46. h4 a5 47. g4 Nc7 48. Nd4 Nb5 49. Nxc6 a4 50. Nb4 Nd6+ 51. Kf4 Kg6 52. Nd5 Nb5 53. Ke4 Kf7 54. h5 Ke6 55. h6 Kf7 56. h7 Kg7 57. Nxf6 Nc3+ 58. Kf5 Nxa2 59. g5 Nb4 60. g6 Nc6 61. Ne4 Ne7+ 62. Ke5 Nxg6+ 1/2-1/2

[Event "NOR-chT 1516"]
[Site "Norway"]
[Date "2015.10.30"]
[Round "1.4"]
[White "Aulin Jansson, Joran"]
[Black "Gabrielsen, Trond"]
[Result "1-0"]
[WhiteElo "2210"]
[BlackElo "2252"]
[PlyCount "55"]
[EventDate "2015.10.30"]
[EventType "team-tourn"]
[EventRounds "9"]
[EventCountry "NOR"]
[SourceTitle "CBM 169 Extra"]
[Source "ChessBase"]
[SourceDate "2015.12.18"]
[SourceVersion "1"]
[SourceVersionDate "2015.12.18"]
[SourceQuality "1"]
[WhiteTeam "Asker"]
[BlackTeam "Bergens"]
[WhiteTeamCountry "NOR"]
[BlackTeamCountry "NOR"]

1. e4 c5 2. Nc3 Nc6 3. f4 g6 4. Nf3 Bg7 5. Bc4 e6 6. f5 Nge7 7. fxe6 fxe6 8. a3 0-0 9. 0-0 Nd4 10. d3 Nec6 11. Be3 Rb8 12. Qd2 b5 13. Ba2 b4 14. axb4 cxb4 15. Nxd4 Nxd4 16. Ne2 Nxe2+ 17. Qxe2 Bxb2 18. Rxf8+ Qxf8 19. Rf1 Qg7 20. Qf2 a5 21. Qh4 g5 22. Bxg5 Bd4+ 23. Kh1 Ba6 24. Bh6 Qe5 25. Rf5 Qc7 26. Qe7 Qc3 27. Qf8+ Rxf8 28. Rxf8# 1-0

[Event "NOR-chT 1112"]
[Site "Norway"]
[Date "2011.11.05"]
[Round "2"]
[White "Kvisvik, Brede Alexander"]
[Black "Gabrielsen, Trond"]
[Result "0-1"]
[WhiteElo "2289"]
[BlackElo "2277"]
[PlyCount "78"]
[EventDate "2011.11.04"]
[EventType "team-tourn"]
[EventRounds "9"]
[EventCountry "NOR"]
[SourceTitle "EXT 2013"]
[Source "ChessBase"]
[SourceDate "2012.11.22"]
[SourceVersion "1"]
[SourceVersionDate "2012.11.22"]
[SourceQuality "1"]
[WhiteTeam "Kristiansund"]
[BlackTeam "Bergens"]
[WhiteTeamCountry "NOR"]
[BlackTeamCountry "NOR"]

1. e4 c5 2. Nf3 Nc6 3. d4 cxd4 4. Nxd4 Nf6 5. Nc3 e5 6. Ndb5 d6 7. Bg5 a6 8. Na3 b5 9. Nd5 Be7 10. Bxf6 Bxf6 11. c4 b4 12. Nc2 a5 13. g3 0-0 14. h4 Be6 15. Qd3 Rc8 16. Bh3 Nd4 17. Nxd4 exd4 18. Kf1 Rc5 19. Nxf6+ Qxf6 20. b3 Bxh3+ 21. Rxh3 Qe6 22. Kg2 f5 23. Qxd4 fxe4 24. Re1 Rcf5 25. Re2 Re5 26. Rh1 Qf5 27. Rhe1 Qf3+ 28. Kh2 Rf6 29. Rd2 g5 30. Re3 Qf5 31. c5 dxc5 32. Qd8+ Kg7 33. hxg5 Qxg5 34. Kg1 Qf5 35. Qxa5 Rd5 36. Rde2 Qh3 37. Rxe4 Rh5 38. Qc7+ Rf7 39. Rh4 Rxc7 0-1

[Event "NOR-chT 1112"]
[Site "Norway"]
[Date "2011.11.04"]
[Round "1"]
[White "Tari, Aryan"]
[Black "Gabrielsen, Trond"]
[Result "1/2-1/2"]
[WhiteElo "2227"]
[BlackElo "2277"]
[PlyCount "61"]
[EventDate "2011.11.04"]
[EventType "team-tourn"]
[EventRounds "9"]
[EventCountry "NOR"]
[SourceTitle "EXT 2013"]
[Source "ChessBase"]
[SourceDate "2012.11.22"]
[SourceVersion "1"]
[SourceVersionDate "2012.11.22"]
[SourceQuality "1"]
[WhiteTeam "Asker"]
[BlackTeam "Bergens"]
[WhiteTeamCountry "NOR"]
[BlackTeamCountry "NOR"]

1. e4 c6 2. d4 d5 3. Nc3 dxe4 4. Nxe4 Bf5 5. Ng3 Bg6 6. h4 h6 7. Nf3 Nd7 8. h5 Bh7 9. Bd3 Bxd3 10. Qxd3 e6 11. Bf4 Qa5+ 12. Bd2 Bb4 13. c3 Be7 14. c4 Qc7 15. 0-0-0 Ngf6 16. Rhe1 b5 17. cxb5 cxb5+ 18. Kb1 0-0 19. Rc1 Qb6 20. Nf5 exf5 21. Rxe7 Qd6 22. Re2 Qd5 23. Nh4 Rfe8 24. Rce1 Ne4 25. Bc1 Ndc5 26. Qc2 Qxd4 27. f3 Nf6 28. Rxe8+ Rxe8 29. Nxf5 Qd3 30. Rxe8+ Nxe8 31. b4 1/2-1/2

[Event "NOR-ch"]
[Site "Oslo"]
[Date "2011.07.08"]
[Round "7"]
[White "Gabrielsen, Trond"]
[Black "Hole, Oystein"]
[Result "0-1"]
[WhiteElo "2290"]
[BlackElo "2383"]
[PlyCount "82"]
[EventDate "2011.07.02"]
[EventType "swiss"]
[EventRounds "9"]
[EventCountry "NOR"]
[SourceTitle "CBM 143 Extra"]
[Source "ChessBase"]
[SourceDate "2011.08.29"]
[SourceVersion "1"]
[SourceVersionDate "2011.08.29"]
[SourceQuality "1"]

1. e4 c6 2. d4 d5 3. e5 c5 4. dxc5 e6 5. Nf3 Bxc5 6. Bd3 Ne7 7. 0-0 Nbc6 8. a3 a6 9. Qe2 Ng6 10. Re1 Bd7 11. Be3 Be7 12. Bd2 0-0 13. Nc3 b5 14. Rad1 b4 15. axb4 Nxb4 16. Bc1 Nxd3 17. Rxd3 Qb6 18. Nd4 Rfc8 19. Qh5 Rc4 20. Nce2 Qc7 21. b3 Bb4 22. Rh3 h6 23. bxc4 Bxe1 24. Nf3 Qa5 25. g4 dxc4 26. Bxh6 gxh6 27. Qxh6 Bd2 28. Nxd2 Qxe5 29. Re3 Qa1+ 30. Kg2 Qf6 31. Kg3 Qg7 32. Qg5 f6 33. Qh5 Rb8 34. Nxc4 Rb5 35. Qh3 Rc5 36. Nb6 Bc6 37. f4 Rxc2 38. Rxe6 Nxf4 39. Kxf4 Qc7+ 40. Kf5 Rc5+ 41. Kxf6 Qf7# 0-1

[Event "NOR-ch"]
[Site "Oslo"]
[Date "2011.07.02"]
[Round "1"]
[White "Smith, Axel"]
[Black "Gabrielsen, Trond"]
[Result "1/2-1/2"]
[WhiteElo "2465"]
[BlackElo "2290"]
[PlyCount "84"]
[EventDate "2011.07.02"]
[EventType "swiss"]
[EventRounds "9"]
[EventCountry "NOR"]
[SourceTitle "CBM 143 Extra"]
[Source "ChessBase"]
[SourceDate "2011.08.29"]
[SourceVersion "1"]
[SourceVersionDate "2011.08.29"]
[SourceQuality "1"]

1. c4 e5 2. Nc3 Nf6 3. Nf3 Nc6 4. e4 Bb4 5. d3 0-0 6. g3 d6 7. Bg2 a6 8. 0-0 Bxc3 9. bxc3 b5 10. cxb5 axb5 11. d4 Qe7 12. Nh4 Ra4 13. Qb3 exd4 14. Qxb5 Ra6 15. e5 Nxe5 16. cxd4 Rb6 17. Qa5 Nc6 18. Qc3 Nb4 19. Bg5 h6 20. Bxf6 Qxf6 21. Qxc7 Qxd4 22. Rab1 Ra6 23. Rfd1 Qc5 24. Qxc5 dxc5 25. Rbc1 Ra5 26. a3 Rxa3 27. Rxc5 Bg4 28. Rb1 Nd3 29. Rcb5 Rc3 30. Bd5 Rfc8 31. Rb8 Rc1+ 32. Rxc1 Rxb8 33. Ra1 g5 34. Ng6 Kg7 35. Ne7 Rd8 36. Be4 Nc5 37. Bg2 Nb3 38. Re1 Rd1 39. Rxd1 Bxd1 40. Nf5+ Kg6 41. Be4 Na5 42. Ne3+ f5 1/2-1/2

[Event "NOR-chT 1011"]
[Site "Oslo"]
[Date "2010.11.05"]
[Round "1"]
[White "Gabrielsen, Trond"]
[Black "Johannessen, Leif Erlend"]
[Result "1/2-1/2"]
[WhiteElo "2270"]
[BlackElo "2514"]
[PlyCount "59"]
[EventDate "2010.11.05"]
[EventType "team-tourn"]
[EventRounds "9"]
[EventCountry "NOR"]
[SourceTitle "EXT 2011"]
[Source "ChessBase"]
[SourceDate "2010.11.26"]
[SourceVersion "1"]
[SourceVersionDate "2010.11.26"]
[SourceQuality "1"]
[WhiteTeam "Bergens"]
[BlackTeam "OSS"]
[WhiteTeamCountry "NOR"]
[BlackTeamCountry "NOR"]

1. e4 e6 2. d4 d5 3. Nc3 Bb4 4. e5 c5 5. a3 Bxc3+ 6. bxc3 Ne7 7. Qg4 cxd4 8. cxd4 Qc7 9. Qd1 Bd7 10. Bd3 Ba4 11. Ne2 Nd7 12. 0-0 Rc8 13. Ra2 a6 14. Bd2 Nb6 15. Ng3 g6 16. h4 h5 17. Qf3 Nc4 18. Bg5 Nf5 19. Nxf5 gxf5 20. Bf6 Rh6 21. Bg5 Rh8 22. Re1 Qa5 23. Raa1 Qc3 24. Bf6 Rh7 25. Rac1 Kd7 26. Qf4 Qd2 27. Qf3 Qc3 28. Qf4 Qd2 29. Qf3 Qc3 30. Qf4 1/2-1/2

[Event "NOR-chT Clubs"]
[Site "Drammen"]
[Date "2010.10.10"]
[Round "6"]
[White "Johansen, Paul Arne"]
[Black "Gabrielsen, Trond"]
[Result "0-1"]
[WhiteElo "2023"]
[BlackElo "2223"]
[PlyCount "66"]
[EventDate "2010.10.08"]
[EventType "team"]
[EventRounds "6"]
[EventCountry "NOR"]
[SourceTitle "EXT 2015"]
[Source "ChessBase"]
[SourceDate "2014.11.20"]
[SourceVersion "1"]
[SourceVersionDate "2014.11.20"]
[SourceQuality "1"]
[WhiteTeam "Moss"]
[BlackTeam "Bergens"]
[WhiteTeamCountry "NOR"]
[BlackTeamCountry "NOR"]

1. Nf3 f5 2. d4 Nf6 3. g3 e6 4. Bg2 d5 5. 0-0 Bd6 6. b3 Qe7 7. c4 c6 8. a4 a5 9. Ba3 0-0 10. Bxd6 Qxd6 11. c5 Qc7 12. Ne5 b6 13. Qc2 Ba6 14. Nd3 Nbd7 15. cxb6 Qxb6 16. e3 Rab8 17. Nd2 Ne4 18. Rfb1 Rfc8 19. Bxe4 fxe4 20. Nc5 Nxc5 21. dxc5 Qc7 22. Qc3 Rf8 23. f4 exf3 24. Kf2 e5 25. h3 d4 26. exd4 exd4 27. Qxd4 Rbd8 28. Qb2 Qd7 29. Nxf3 Qd3 30. Qe5 Qxf3+ 31. Kg1 Rd2 32. Qe6+ Kh8 33. Rf1 Qg2# 0-1

[Event "Oslo Sjakkhuset"]
[Site "Oslo"]
[Date "2010.09.06"]
[Round "5"]
[White "Gabrielsen, Trond"]
[Black "Skrondal, Inge Sandstad"]
[Result "1/2-1/2"]
[WhiteElo "2264"]
[BlackElo "2230"]
[PlyCount "89"]
[EventDate "2010.09.06"]
[EventType "tourn"]
[EventRounds "7"]
[EventCountry "NOR"]
[EventCategory "4"]
[SourceTitle "EXT 2012"]
[Source "ChessBase"]
[SourceDate "2011.11.24"]
[SourceVersion "1"]
[SourceVersionDate "2011.11.24"]
[SourceQuality "1"]

1. d4 Nf6 2. c4 e6 3. g3 d5 4. Nf3 dxc4 5. Bg2 a6 6. Ne5 c5 7. Be3 Nd5 8. Nc3 Nxe3 9. fxe3 Be7 10. 0-0 0-0 11. Nxc4 Nc6 12. d5 exd5 13. Nxd5 Be6 14. Ncb6 Rb8 15. Qa4 Nb4 16. Rad1 Nxd5 17. Nxd5 Bxd5 18. Bxd5 Qb6 19. Qc4 Qxb2 20. Bxf7+ Kh8 21. Rd7 Bf6 22. Qxc5 Rfd8 23. Rxd8+ Rxd8 24. Qh5 Qd2 25. Qf3 Bg5 26. e4 Rf8 27. Qd3 Qb4 28. Kg2 Qe7 29. Bd5 Rxf1 30. Kxf1 b5 31. Bb3 Qd8 32. Kg2 g6 33. e5 Kg7 34. Qxd8 Bxd8 35. Kf3 Kf8 36. Ke4 Bb6 37. Kd5 Ke7 38. g4 h5 39. gxh5 gxh5 40. h3 h4 41. Bc2 Bf2 42. Bd3 Bg3 43. Bf5 Bf4 44. Bc2 Bg3 45. Bd3 1/2-1/2

[Event "Oslo Sjakkhuset"]
[Site "Oslo"]
[Date "2010.09.06"]
[Round "6"]
[White "Harestad, Hans Krogh"]
[Black "Gabrielsen, Trond"]
[Result "0-1"]
[WhiteElo "2249"]
[BlackElo "2264"]
[PlyCount "80"]
[EventDate "2010.09.06"]
[EventType "tourn"]
[EventRounds "7"]
[EventCountry "NOR"]
[EventCategory "4"]
[SourceTitle "EXT 2012"]
[Source "ChessBase"]
[SourceDate "2011.11.24"]
[SourceVersion "1"]
[SourceVersionDate "2011.11.24"]
[SourceQuality "1"]

1. d4 Nf6 2. c4 e6 3. Nf3 b6 4. g3 Bb7 5. Bg2 Be7 6. 0-0 0-0 7. d5 exd5 8. Nh4 c6 9. cxd5 Nxd5 10. Nf5 Nc7 11. Nc3 d5 12. e4 Bf6 13. exd5 cxd5 14. Bf4 Nba6 15. Nd6 Bc6 16. Nxd5 Bxd5 17. Bxd5 Nxd5 18. Qxd5 Qd7 19. Rad1 Rad8 20. Rd2 Nc5 21. Rfd1 Qe6 22. b4 Qxd5 23. Rxd5 Na4 24. Nb5 a6 25. Nc7 Nc3 26. Rxd8 Bxd8 27. Rd2 a5 28. bxa5 bxa5 29. Rc2 Bf6 30. Bd2 Ne2+ 31. Kf1 Nd4 32. Rc4 Rc8 33. Bxa5 Ne6 34. Re4 Bd8 35. Nxe6 Bxa5 36. Ra4 Bb6 37. Ra6 Bxf2 38. Nxg7 Kxg7 39. Kxf2 Rc2+ 40. Kg1 Rc1+ 0-1

[Event "NOR-chT 0910"]
[Site "Norway"]
[Date "2010.04.09"]
[Round "7"]
[White "Gabrielsen, Trond"]
[Black "Bjerke, Silje"]
[Result "1/2-1/2"]
[WhiteElo "2273"]
[BlackElo "2218"]
[PlyCount "82"]
[EventDate "2009.11.06"]
[EventType "team"]
[EventRounds "9"]
[EventCountry "NOR"]
[SourceTitle "EXT 2011"]
[Source "ChessBase"]
[SourceDate "2010.11.26"]
[SourceVersion "1"]
[SourceVersionDate "2010.11.26"]
[SourceQuality "1"]
[WhiteTeam "Oslo Vest"]
[BlackTeam "Oslo SK 1911"]
[WhiteTeamCountry "NOR"]
[BlackTeamCountry "NOR"]

1. d4 Nf6 2. Nf3 g6 3. Bg5 Bg7 4. Nbd2 d5 5. e3 0-0 6. Bd3 c5 7. c3 Nc6 8. dxc5 Bg4 9. 0-0 Ne5 10. Be2 Nxf3+ 11. Bxf3 Bxf3 12. Qxf3 Rc8 13. Rfd1 a5 14. e4 dxe4 15. Nxe4 Qc7 16. Bxf6 Bxf6 17. Nxf6+ exf6 18. b4 b6 19. Rd5 Qb7 20. cxb6 axb4 21. cxb4 Qxb6 22. a3 Rc2 23. Re1 Rfc8 24. Rd3 Ra2 25. h4 Rcc2 26. Rf1 h5 27. Qf4 Qb5 28. Qd4 Kg7 29. g3 Qe5 30. Qxe5 fxe5 31. Rb3 e4 32. b5 e3 33. Rxe3 Rcb2 34. Rf3 Rxb5 35. Rc1 Rb7 36. Rcc3 Ra7 37. Kg2 Ra1 38. Rfe3 Ra2 39. Kf3 Kf6 40. Rb3 Kg7 41. Red3 Ra6 1/2-1/2

[Event "NOR-chT 0910"]
[Site "Norway"]
[Date "2010.01.09"]
[Round "5"]
[White "Gabrielsen, Trond"]
[Black "Ekeberg, Carl Fredrik"]
[Result "1/2-1/2"]
[WhiteElo "2273"]
[BlackElo "2305"]
[PlyCount "98"]
[EventDate "2009.11.06"]
[EventType "team"]
[EventRounds "9"]
[EventCountry "NOR"]
[SourceTitle "EXT 2011"]
[Source "ChessBase"]
[SourceDate "2010.11.26"]
[SourceVersion "1"]
[SourceVersionDate "2010.11.26"]
[SourceQuality "1"]
[WhiteTeam "Oslo Vest"]
[BlackTeam "Asker"]
[WhiteTeamCountry "NOR"]
[BlackTeamCountry "NOR"]

1. e4 c6 2. Nc3 d5 3. Nf3 Bg4 4. h3 Bxf3 5. Qxf3 Nf6 6. Be2 e6 7. 0-0 Nbd7 8. d4 dxe4 9. Nxe4 Nxe4 10. Qxe4 Be7 11. Rd1 0-0 12. c4 Qc7 13. b3 Rfd8 14. Bb2 Bf6 15. Bf3 Nf8 16. Rd2 Rd7 17. Rad1 Rad8 18. b4 Ng6 19. g3 Ne7 20. Qb1 b5 21. Qd3 Qb6 22. c5 Qc7 23. Be4 g6 24. Qb3 Nd5 25. a4 Rb8 26. a5 a6 27. Kg2 Rbd8 28. Ba1 Bg7 29. Bf3 Ne7 30. Bc3 Nd5 31. Ba1 Rc8 32. Bb2 Qd8 33. Ba1 h5 34. h4 Bf6 35. Bb2 Qf8 36. Bxd5 Rxd5 37. Qf3 Qd8 38. Bc3 Bg7 39. Rd3 Rc7 40. Qe4 Rcd7 41. f4 Bf6 42. Kf3 e5 43. fxe5 Bxe5 44. Kg2 Bf6 45. R1d2 Kg7 46. Rf2 Re7 47. Qf3 Re6 48. Qd1 Qd7 49. Rdf3 Qe7 1/2-1/2

[Event "NOR-ch"]
[Site "Bergen"]
[Date "2009.07.04"]
[Round "1"]
[White "Gabrielsen, Trond"]
[Black "Hansen, Torbjorn Ringdal"]
[Result "0-1"]
[WhiteElo "2309"]
[BlackElo "2440"]
[PlyCount "104"]
[EventDate "2009.07.04"]
[EventType "swiss"]
[EventRounds "9"]
[EventCountry "NOR"]
[SourceTitle "CBM 131 Extra"]
[Source "ChessBase"]
[SourceDate "2009.09.03"]
[SourceVersion "2"]
[SourceVersionDate "2009.09.16"]
[SourceQuality "1"]

1. e4 e5 2. Nf3 Nc6 3. Bb5 a6 4. Ba4 Nf6 5. 0-0 Be7 6. Re1 b5 7. Bb3 d6 8. c3 0-0 9. d4 Bg4 10. Be3 exd4 11. cxd4 Na5 12. Bc2 c5 13. Nbd2 cxd4 14. Bxd4 Nc6 15. Be3 Rc8 16. h3 Bh5 17. g4 Bg6 18. Nh4 d5 19. Nxg6 hxg6 20. a3 Re8 21. Rc1 d4 22. Bf4 Bd6 23. Qf3 d3 24. Bxd6 dxc2 25. Bf4 g5 26. Bxg5 Ne5 27. Qb3 Nd3 28. Rf1 Nxc1 29. Rxc1 Re5 30. Bf4 Nxe4 31. Rxc2 Rxc2 32. Qxc2 Nxd2 33. Qxd2 Rd5 34. Qe2 Rd1+ 35. Kh2 Qd5 36. f3 Qd4 37. Be3 Qd3 38. Qf2 Rf1 39. Qg2 Re1 40. Bf2 Re2 41. Qg3 Rxb2 42. Qb8+ Kh7 43. Kg3 Qe2 44. Qa7 a5 45. Qc5 Rc2 46. Qf5+ Kg8 47. Bd4 Qe1+ 48. Kf4 Rc4 49. Qd7 b4 50. axb4 axb4 51. Qd8+ Kh7 52. Qd5 Qe6 0-1

[Event "Oslo Sveins op 2nd"]
[Site "Oslo"]
[Date "2009.06.19"]
[Round "8"]
[White "Kovachev, Daniel Jakobsen"]
[Black "Gabrielsen, Trond"]
[Result "1/2-1/2"]
[WhiteElo "2256"]
[BlackElo "2300"]
[PlyCount "82"]
[EventDate "2009.06.19"]
[EventType "swiss"]
[EventRounds "9"]
[EventCountry "NOR"]
[SourceTitle "CBM 130 Extra"]
[Source "ChessBase"]
[SourceDate "2009.07.02"]
[SourceVersion "2"]
[SourceVersionDate "2009.07.15"]
[SourceQuality "1"]

1. e4 c6 2. c4 d5 3. cxd5 cxd5 4. exd5 Nf6 5. Nc3 g6 6. Bc4 Bg7 7. Nf3 0-0 8. 0-0 Na6 9. d4 Nc7 10. Qb3 a6 11. a4 b5 12. axb5 axb5 13. Rxa8 bxc4 14. Qa2 Nxa8 15. Qxa8 Qd6 16. Qc6 Rd8 17. Re1 Nxd5 18. Qxc4 Bb7 19. Ne4 Qb4 20. Qd3 Nf6 21. Nc3 e6 22. Qe2 Bxf3 23. Qxf3 Rxd4 24. h3 Rc4 25. Rd1 Rc8 26. Qd3 h6 27. Qa6 Re8 28. Qc6 Qb8 29. Qc4 Rc8 30. Qh4 g5 31. Qa4 Nd5 32. Nxd5 exd5 33. Qg4 Rc4 34. Qf5 Qc8 35. Qxc8+ Rxc8 36. Be3 d4 37. Bd2 Rc2 38. b4 Rb2 39. Kf1 Bf8 40. Be1 Bxb4 41. Rxd4 Bxe1 1/2-1/2